MDQL
is popping MORE tags! Check the
thread
!
Quizzes
Events
Quiz Creation
Community
Videos
Private Events
Remove Ads
Sign In
Join for FREE
Feedback
Dark Mode
Quiz Categories
Sports
Geography
Music
Movies
Television
Just For Fun
Miscellaneous
History
Literature
Language
Science
Gaming
Entertainment
Religion
Holiday
For Kids
Quiz Lab
Recent
Popular Today
Quiz Kudos Today
Editor Picks
Curator Picks
Quizzes by...
Day
Popularity
Type
Ratings
Length
Year
Community
Subscriptions
Recent Discussions
Orange Saloon
Badges
Playlists
Quests
Create
Leaderboards
Showdown
Live 5
Trivia Bingo
Activity
Puzzle Library
Sporcle Events
Private Events
Virtual Trivia
Globe League
Become a Host
Pub Owners
SporcleCon
Opinionation
Our Games
Videos
Blog
Mobile Apps
Partnerships
Remove Ads and Go Orange
Feedback
Miscellaneous
Crossword
General Knowledge
Baby Names
Logo
Food
Cars
Numbers
Grab Bag
University
College
Popular
Company
Slogans
Restaurants
Justice
Letter
Miscellaneous
Crossword
General Knowledge
Baby Names
Logo
Food
Cars
Numbers
Grab Bag
University
College
Popular
Company
Slogans
Restaurants
Justice
Letter
Random Quiz
Search Sporcle
×
Quiz Lab
Quiz Lab
Miscellaneous
name
Type in answers that appear in a list
Type in answers that appear in a list
Classic
Best Score? Go Orange.
A Multiple Answer Choice Stats
Can you name the A Multiple Answer Choice?
By
hiccup
5m
12 Questions
116 Plays
116 Plays
116 Plays
Comments
Comments
Give Quiz Kudos
Give Quiz Kudos
-
- Ratings
hide this ad
Replay
Link that replays current quiz
Next Quiz
Link to next quiz in quiz playlist
You Got
0%
They Got
Avg Score
68%
Avg Friend Score
Upgrade to see
Score Distribution
Jump to the score distribution portion of the page
Score
0/12
Timer
05:00
0
Plays Today
What You Have to Name
Answer
% Correct
one of the 5 largest countries
Russia, Canada, China, USA, and Brazil
96.6%
one of the elements that make water
Oxygen and hydrogen
94.8%
one of the 7 continents
Oceania, North America, South America, Antarctica, Africa, Europe, Asia
92.2%
one of the 5 oceans
Pacific, Atlantic, Southern, Indian, and Arctic
89.7%
one of the rocky planets
Mercury, Venus, Earth, and Mars
86.2%
one of the 5 smallest countries
Vatican City, Nauru, San Marino, Tuvalu, and Monaco
74.1%
one of the main USA territories
Virgin Islands, Mariana Islands, American Samoa, Guam, and Puerto Rico
66.4%
one of the 5 most populous Native American Tribes
Sioux, Navajo, Chokotaw, Chippewa, and Cherokee
63.8%
one of the gas giants
Jupiter, Saturn, Uranus, and Neptune
61.2%
one of the numbers from 1-
10
1, 2, 3, 4, 5, 6, 7, 8, 9, and 10
59.5%
one of the 4 Kingdoms
Animals, Fungi, Protists, and Plants
27.6%
one of the 3 domains of life
Eukaryotes, Bacteria, and Archea
9.5%
Quiz Playlist
Details
Report
Send in Message
Add To Playlist
Classic:
Type in answers that appear in a list
Last Updated: Feb 16, 2017
Quiz Scoreboard
CHALLENGE
Sign Up to Join the Scoreboard
Show All
Scores
Hide
Comments
May contain spoilers
Recently Published
1-10 Letter E Words III
by El_Dandy
Language
2m
Street Fighter Characters
by Artimus82
Gaming
60s
College Basketball Coaching Resumes
by pancakes188
Sports
9m
More to Explore
Quiz From the Vault
Featured Blog Post
Where Did the Easter Bunny Come From?
hide this ad
You Might Also Like...
Tags
Extra
name
Today's Top Quizzes in Miscellaneous
Browse Miscellaneous
hide this ad
Today's Top Quizzes in name
Browse name
Top Contributed Quizzes in Miscellaneous
1
5-to-1: Fast Food
2
The JOE quick-fire general knowledge quiz: Day 174
3
The JOE quick-fire general knowledge quiz: Day 173
4
5-to-1: Cocktails
5
The JOE quick-fire general knowledge quiz: Day 172
6
9x9 Crossword: Disney Movie Titles
7
9x9 Crossword: Charlie and the Chocolate Factory
8
Sunday Crossword: Famous Bodies of Water
9
The JOE quick-fire general knowledge quiz: Day 171
10
9x9 Crossword: Flags
Explore More
Trending Topics
Marvel
Anime
Harry Potter
Kpop
Crossword
Disney
NBA
The Office
Soccer
Puzzle
Pokémon
WWE
Country
Song
NFL
hide this ad
More By:
hiccup
Quiz
Plays
Rating
Category
Featured
Created
Anatomy Quiz 2
2,065
1.00
Science
Nov 14, 2010
Loony Toons Characters
1,095
2.50
Movies
Nov 14, 2010
Anatomy Quiz 1
843
1.80
Science
Nov 14, 2010
Fill In the Missing Lyrics
668
1.40
Music
Jan 1, 2011
Disney Channel's TV Shows
539
1.00
Television
Feb 21, 2011
Go to Creator's Profile
Score Distribution
Quiz Creator Spotlight
hiccup
Follow
Send a Message
Quizzes Created
-
Created Quiz Play Count
-
More By This Creator
Popular Quizzes Today
1
Find the US States - No Outlines Minefield
2
Find the Countries of Europe - No Outlines Minefield
3
The Countries of the World
4
Find the US States
5
Risky Map Clicking: Biggest States A-Z
6
US States
7
Popular People in 1961
8
Movies - When Are They Set?
More Miscellaneous Quizzes
Clipped Art: Candy Bars
Published
Trending Quizzes
Risky Map Clicking: Least Populous States A-Z
USA Borders Longest to Shortest
1-10 Letter G Words
1-10 Letter F Words
Countries of the World: 200 Million BC
Recently Updated
Leaping Animals
pecheneg
Reality TV Shows (A-Z)
bhenderson79
Rickey Henderson's Hall of Fame Teammates
pecheneg
Champions League XIs: Arsenal
pecheneg
Quick Pick: Celebrities in WWE's Hall of Fame
aduchscher
A-Z Keypad Blitz II
pecheneg
Multiple Oscar Actors
pecheneg
Mystery Phrase Blitz: Oscar 'Best Actors'
pecheneg
F. Scott Fitzgerald Novels
LTH
Pick 3 Villains
ddd62291
Trending Topics
Kpop
Marvel
NBA
Crossword
Harry Potter
Anime
Disney
Song
Country
Pokémon
Puzzle
The Office
WWE
Soccer
NFL
Your Account Isn't Verified!
In order to create a playlist on Sporcle, you need to verify the email address you used during registration. Go to your
Sporcle Settings
to finish the process.
Report this User
Report this user for behavior that violates our
Community Guidelines
.
Details:
Send Report
Go to the Sporcle.com Mobile Site →
Comments